书目信息 |
| 题名: |
数学解题
|
|
| 作者: | 王连笑 著 | |
| 分册: | 中 | |
| 出版信息: | 哈尔滨 哈尔滨工业大学出版社 2013重印 |
|
| 页数: | 352页 | |
| 开本: | 26cm | |
| 丛书名: | ||
| 单 册: | ||
| 中图分类: | O12-44 | |
| 科图分类: | ||
| 主题词: | 初等数学--题解 | |
| 电子资源: | ||
| ISBN: | 978-7-5603-3339-7 | |
| 000 | 00770nam0 2200241 45 | |
| 001 | 012001000232 | |
| 005 | 20191108092218.96 | |
| 010 | @a978-7-5603-3339-7@dCNY48.00 | |
| 100 | @a20111224d2011 em y0chiy50 ea | |
| 101 | 0 | @achi |
| 102 | @aCN@b230000 | |
| 105 | @ay z 000yy | |
| 106 | @ar | |
| 200 | 1 | @a数学解题@Ashu xue jie ti@e靠数学思维给力@h中@f王连笑著 |
| 210 | @a哈尔滨@c哈尔滨工业大学出版社@d2013重印 | |
| 215 | @a352页@d26cm | |
| 330 | @a本书共有三章,介绍了分类与整合思想,数与形结合的思想,划归与转化的思想。 | |
| 517 | 1 | @a靠数学思维给力@Akao shu xue si wei gei li |
| 606 | 0 | @a初等数学@j题解 |
| 690 | @aO12-44@v4 | |
| 701 | 0 | @a王连笑@Awang lian xiao@f(1941-)@4著 |
| 801 | 0 | @aCN@b北京卓展文化@c20191020 |
| 905 | @b1200092-5@dO12-44@e149:2@f4 | |
| 数学解题:靠数学思维给力.中/王连笑著.-哈尔滨:哈尔滨工业大学出版社,2013重印 |
| 352页;26cm |
| ISBN 978-7-5603-3339-7:CNY48.00 |
| 本书共有三章,介绍了分类与整合思想,数与形结合的思想,划归与转化的思想。 |
| ● |
| 相关链接 |
|
|
|
|
正题名:数学解题
索取号:O12-44/149:2
 
预约/预借
| 序号 | 登录号 | 条形码 | 馆藏地/架位号 | 状态 | 备注 |
| 1 | 1200092 | 212000920 | 第二样本阅览室/ [索取号:O12-44/149:2] | 在馆 | |
| 2 | 1200093 | 212000939 | 第三借阅区/ [索取号:O12-44/149:2] | 在馆 | |
| 3 | 1200094 | 212000948 | 第三借阅区/ [索取号:O12-44/149:2] | 在馆 | |
| 4 | 1200095 | 212000957 | 第三借阅区/ [索取号:O12-44/149:2] | 在馆 |